000 00637nam a22001937a 4500
005 20150625112322.0
010 _aENG-112886
020 _c725.00
_a9789350354254
035 _aEN-96418
037 _bDBAD/PUB
082 _a345.540268
245 _aCommentary on the Prevention of Money-Laundering Act /
_cby S.K. Sarvaria...[et al] ; foreworded by N.V. Ramana
260 _aDelhi
_bUniversal Law Publishing
_c2014
270 _aA-58, G.T.Karnal Road Industrial Area,
_bDelhi
_e110033
300 _alii,531p.
_c25cm(Hb)
500 _aIncludes index
700 _aSarvaria, S.K.
942 _2ddc
_cEN
_mSAR
_h346.540268
999 _c93382
_d93382